000 00508nam a2200193Ia 4500
008 180207s9999 xx 000 0 und d
020 _a9780545127820
050 _bM131 2007
100 _aMcCourt, Frank
245 _aAngela and the baby Jesus /
245 _cby Frank McCourt ; illustrated by raul Colon.
260 _aBroadway, New York :
260 _bScholastic,
260 _c2007
300 _aunpaged :
300 _bchiefly colored illustrations ;
300 _c28cm.
700 _aTitle.
999 _c354991
_d354991